[Event "Tournament 14471 - Europe Echecs"]
[Site "Europe Echecs"]
[Date "2020.07.09"]
[Round "9"]
[Time "18:23:23"]
[PlyCount "96"]
[White "DibyJulien"]
[Black "DygasArthur"]
[WhiteElo "1205"]
[BlackElo "1143"]
[Mode "WEB"]
[Result "1/2-1/2"]

1. e4 c5 2. Nf3 d6 3. c3 Nf6 4. Bd3 Nc6 5. Bc2 g6 6. O-O Bg7 7. Re1 O-O 8. d4
Bg4 9. Nbd2 Bxf3 10. Nxf3 Qd7 11. Bf4 Rfe8 12. Qe2 cxd4 13. cxd4 e5 14. d5 exf4
15. Ba4 Qc7 16. Rac1 Qa5 17. b3 Ne5 18. Nxe5 Rxe5 19. Rc2 Qb4 20. Rec1 Rxe4 21.
Qd1 Rae8 22. Bxe8 Rxe8 23. Rc8 Rxc8 24. Rxc8+ Bf8 25. Qe2 Qd4 26. h3 Qxd5 27.
Qe7 Qd1+ 28. Kh2 Ng4+ 29. hxg4 Kg7 30. Qxf8+ Kf6 31. Qh8+ Kg5 32. Qxh7 Qxg4 33.
Rg8 f3 34. Rxg6+ fxg6 35. Qe7+ Kh5 36. gxf3 Qxf3 37. Qxd6 Qxf2+ 38. Kh1 Qxa2 39.
Qd5+ Kg4 40. Qxb7 Kh3 41. Qf3+ Kh4 42. Qe4+ Kh5 43. Qe5+ Kh6 44. Qe3+ Kg7 45.
Qe5+ Kh6 46. Qe3+ Kh7 47. Qe7+ Kh6 48. Qe3+ {Nulle par répétition} 1/2-1/2

[Event "Tournament 14471 - Europe Echecs"]
[Site "Europe Echecs"]
[Date "2020.07.09"]
[Round "9"]
[Time "18:23:23"]
[PlyCount "76"]
[White "LoszycerSasha"]
[Black "MolinesMartin"]
[WhiteElo "1162"]
[BlackElo "1033"]
[Mode "WEB"]
[Result "1-0"]

1. d4 d5 2. c4 c6 3. cxd5 cxd5 4. Nf3 Nc6 5. Nc3 Nf6 6. e3 Bg4 7. Bd3 e6 8. O-O
Bb4 9. a3 Ba5 10. h3 Bh5 11. Re1 Bg6 12. Bxg6 hxg6 13. Re2 Qd7 14. e4 dxe4 15.
Nxe4 Nxe4 16. Rxe4 O-O-O 17. b4 Bb6 18. Bb2 Qd5 19. Qd3 f6 20. Rd1 e5 21. Rg4 g5
22. Re4 exd4 23. Nxd4 Nxd4 24. Bxd4 Bxd4 25. Rxd4 Qg8 26. Qc2+ Kb8 27. Rxd8+
Qxd8 28. Rxd8+ Rxd8 29. Qg6 Rg8 30. h4 gxh4 31. Qh5 g5 32. Qf7 Rd8 33. Qxf6 Rd5
34. f4 Rd1+ 35. Kh2 gxf4 36. Qxf4+ Ka8 37. Qf8+ Rd8 38. Qxd8# {MolinesMartin est échec et mat} 1-0

[Event "Tournament 14471 - Europe Echecs"]
[Site "Europe Echecs"]
[Date "2020.07.09"]
[Round "9"]
[Time "18:23:23"]
[PlyCount "62"]
[White "BarbasStojicev"]
[Black "VerdeauxAntoin"]
[WhiteElo "1150"]
[BlackElo "960"]
[Mode "WEB"]
[Result "1-0"]

1. e4 e5 2. Nf3 Nc6 3. Bc4 Nf6 4. Ng5 d5 5. exd5 Nxd5 6. Nxf7 Kxf7 7. Qf3+ Qf6
8. Bxd5+ Ke7 9. Bxc6 bxc6 10. Qa3+ Kf7 11. Qb3+ Kg6 12. Qg3+ Kf7 13. d3 Bb4+ 14.
Nc3 Bd6 15. Bg5 Qf4 16. Bxf4 exf4 17. Qg5 h6 18. Qh5+ g6 19. Qf3 Bb7 20. O-O-O
Rab8 21. Ne4 c5 22. Nxd6+ cxd6 23. Qxf4+ Kg7 24. Qxd6 Bxg2 25. Rhg1 Bb7 26.
Qxg6+ Kf8 27. Qg7+ Ke8 28. Rde1+ Kd8 29. Qe7+ Kc8 30. Rg7 Re8 31. Qxe8# {VerdeauxAntoin est échec et mat} 1-0

[Event "Tournament 14471 - Europe Echecs"]
[Site "Europe Echecs"]
[Date "2020.07.09"]
[Round "9"]
[Time "18:23:23"]
[PlyCount "137"]
[White "BocheMathis"]
[Black "VerdierSolene"]
[WhiteElo "1099"]
[BlackElo "1150"]
[Mode "WEB"]
[Result "0-1"]

1. d4 Nf6 2. Nf3 d5 3. Bf4 Nc6 4. e3 Bf5 5. Bd3 Bg6 6. Bxg6 hxg6 7. O-O e6 8.
Nbd2 Bd6 9. Bxd6 cxd6 10. c4 dxc4 11. Nxc4 d5 12. Nce5 O-O 13. Nxc6 bxc6 14. Rc1
Qb6 15. b3 a5 16. Ne5 Rac8 17. Rc5 Rc7 18. Qb1 Rfc8 19. Rfc1 Ne4 20. R5c2 c5 21.
dxc5 Nxc5 22. Rc3 Qd6 23. Nf3 Ne4 24. Rxc7 Rxc7 25. Rxc7 Qxc7 26. h3 Qc3 27. Qe1
Qxe1+ 28. Nxe1 Nc3 29. a3 f5 30. Nc2 Kf7 31. Kf1 Ke7 32. Ke1 Kd6 33. Kd2 Ne4+
34. Ke2 Kc5 35. f3 Nc3+ 36. Kd3 Nb5 37. g3 Nd6 38. g4 Kb5 39. Kd4 a4 40. b4 Nf7
41. gxf5 gxf5 42. f4 g6 43. Ne1 Nd6 44. Nd3 Nc4 45. Nc5 Nxa3 46. Nxe6 Kxb4 47.
Kxd5 Nc2 48. e4 a3 49. Nc5 a2 50. Nd3+ Kb5 51. exf5 a1=Q 52. fxg6 Qg7 53. f5
Ne3+ 54. Ke4 Nxf5 55. Kxf5 Kc4 56. Ne5+ Kd5 57. Nf7 Kc6 58. h4 Kd7 59. h5 Ke7
60. Ne5 Qf6+ 61. Ke4 Kd6 62. Nc4+ Ke6 63. Kd3 Kd5 64. Ne3+ Kc5 65. Ng4 Qd4+ 66.
Ke2 Qxg4+ 67. Ke3 Qxh5 68. g7 Qg5+ {BocheMathis a abandonné} 0-1

[Event "Tournament 14471 - Europe Echecs"]
[Site "Europe Echecs"]
[Date "2020.07.09"]
[Round "9"]
[Time "18:23:23"]
[PlyCount "43"]
[White "MoreauDecource"]
[Black "SansoneAlessio"]
[WhiteElo "1330"]
[BlackElo "1075"]
[Mode "WEB"]
[Result "1/2-1/2"]

1. e4 e5 2. Nf3 Nf6 3. Nc3 Nc6 4. Bc4 Nxe4 5. Nxe4 d5 6. Bd3 dxe4 7. Bxe4 Bg4 8.
O-O Bd6 9. h3 Bh5 10. c3 O-O 11. d4 exd4 12. c4 Bc5 13. Bg5 f6 14. Bf4 Bf7 15.
Nh4 g5 16. Nf5 gxf4 17. Qg4+ Bg6 18. Nh6+ Kg7 19. Nf5+ Kg8 20. Nh6+ Kg7 21. Nf5+
Kg8 {Nulle par répétition} 1/2-1/2

[Event "Tournament 14471 - Europe Echecs"]
[Site "Europe Echecs"]
[Date "2020.07.09"]
[Round "9"]
[Time "18:23:23"]
[PlyCount "93"]
[White "DromardLila"]
[Black "BennounaGreene"]
[WhiteElo "1040"]
[BlackElo "1156"]
[Mode "WEB"]
[Result "0-1"]

1. e4 e5 2. Nf3 Nc6 3. Nc3 Nf6 4. d4 exd4 5. Nxd4 d6 6. Nxc6 bxc6 7. Bg5 Be7 8.
Be2 Nxe4 9. Nxe4 Bxg5 10. Nxg5 Qxg5 11. O-O Bh3 12. Bf3 d5 13. Re1+ Be6 14. Qd4
O-O 15. Re5 Qf6 16. Rae1 Rfd8 17. Qc5 Rd6 18. a4 a6 19. b4 Qg6 20. c4 Qd3 21. b5
axb5 22. cxb5 Rxa4 23. bxc6 Qc4 24. Qxc4 Rxc4 25. Ra1 f6 26. Ra8+ Kf7 27. Re1
Rdxc6 28. Be2 Rc1 29. Rxc1 Rxc1+ 30. Bf1 Bf5 31. h3 Bd3 32. Ra5 Rxf1+ 33. Kh2
Ke6 34. Ra6+ Bxa6 35. Kg3 c5 36. Kf3 c4 37. Kg3 c3 38. Kf3 c2 39. Kg3 c1=Q 40.
Kf3 Qd1+ 41. Kg3 Qd3+ 42. Kh2 Qe4 43. Kg3 Bb7 44. Kh2 d4 45. Kg3 Ke5 46. Kh2
Qxg2# {DromardLila est échec et mat} 0-1

[Event "Tournament 14471 - Europe Echecs"]
[Site "Europe Echecs"]
[Date "2020.07.09"]
[Round "9"]
[Time "18:23:23"]
[PlyCount "58"]
[White "SherpaHaarSchm"]
[Black "CourjalCharlot"]
[WhiteElo "1150"]
[BlackElo "1055"]
[Mode "WEB"]
[Result "1-0"]

1. e4 e6 2. d4 d5 3. Nc3 c5 4. dxc5 Bxc5 5. exd5 exd5 6. Qxd5 Qxd5 7. Nxd5 Bd6
8. Bc4 Nc6 9. Nf3 Nge7 10. Nxe7 Nxe7 11. Bg5 O-O 12. O-O-O h6 13. Bh4 Bf5 14.
Rxd6 Rac8 15. Bxe7 Rxc4 16. Bxf8 Rxc2+ 17. Kb1 Rxf2+ 18. Kc1 Kxf8 19. Rd8+ Ke7
20. Ra8 Rc2+ 21. Kd1 Rxb2 22. Rxa7 Rxg2 23. Rxb7+ Kf6 24. Rb6+ Ke7 25. Re1+ Kf8
26. a4 Bc2+ 27. Kc1 Bxa4 28. Rb8+ Be8 29. Rbxe8# {CourjalCharlot est échec et mat} 1-0

[Event "Tournament 14471 - Europe Echecs"]
[Site "Europe Echecs"]
[Date "2020.07.09"]
[Round "9"]
[Time "18:23:23"]
[PlyCount "67"]
[White "PechGuillaume"]
[Black "GuichardAxel"]
[WhiteElo "1012"]
[BlackElo "1148"]
[Mode "WEB"]
[Result "0-1"]

1. e4 e5 2. Nf3 Nc6 3. Bc4 Bc5 4. d3 Nf6 5. Bg5 h6 6. Bh4 g5 7. Bg3 Nh5 8. Bb5
Nxg3 9. hxg3 Nd4 10. Nxd4 Bxd4 11. Qf3 Bxb2 12. Bc4 Rf8 13. Qh5 Bxa1 14. Qxh6 c6
15. Qg7 d5 16. exd5 cxd5 17. Rh8 Qe7 18. Bxd5 Be6 19. Bxe6 fxe6 20. Rxf8+ Qxf8
21. Qxb7 Rd8 22. Qxa7 Bd4 23. Qa4+ Rd7 24. Qa8+ Rd8 25. Qa4+ Ke7 26. Qb4+ Rd6
27. Qb7+ Kf6 28. Qf3+ Kg7 29. Qb7+ Kg8 30. f3 Rb6 31. Qd7 Rxb1+ 32. Kd2 Qb4+ 33.
c3 Qb2# {PechGuillaume est échec et mat} 0-1

[Event "Tournament 14471 - Europe Echecs"]
[Site "Europe Echecs"]
[Date "2020.07.09"]
[Round "9"]
[Time "18:23:23"]
[PlyCount "128"]
[White "MoussaNicolas"]
[Black "BourgineQuenti"]
[WhiteElo "1102"]
[BlackElo "999"]
[Mode "WEB"]
[Result "1-0"]

1. e4 e5 2. Nf3 Nc6 3. Bc4 Bc5 4. Nc3 h6 5. O-O Nf6 6. d3 O-O 7. Ne2 d6 8. Ng3
Bg4 9. Be3 Bxe3 10. fxe3 Na5 11. b3 Nxc4 12. bxc4 Qd7 13. d4 exd4 14. exd4 Qe6
15. Re1 Qxc4 16. e5 dxe5 17. dxe5 Nd5 18. Re4 Nc3 19. Rxc4 Nxd1 20. Rxd1 Bxf3
21. gxf3 Rfe8 22. f4 f6 23. Rd5 fxe5 24. fxe5 Rad8 25. Rxd8 Rxd8 26. Rxc7 Rd1+
27. Nf1 Rb1 28. e6 Kf8 29. Rf7+ Ke8 30. Rxg7 a5 31. Rxb7 Rxb7 32. Kf2 Rb6 33.
Ke3 Rxe6+ 34. Kd4 Ra6 35. Kc5 Ra8 36. Kb5 Kf7 37. c4 h5 38. c5 a4 39. Kb6 Rh8
40. Kb7 h4 41. c6 Ke7 42. c7 Kd7 43. Ne3 h3 44. Nd5 a3 45. Nf6+ Ke7 46. Nd5+ Kd7
47. Nb6+ Ke7 48. c8=Q Rxc8 49. Nxc8+ Kf6 50. Nb6 Kf5 51. Nc4 Kf4 52. Nd6 Kf3 53.
Nf7 Kg2 54. Ng5 Kxh2 55. Nxh3 Kxh3 56. Kb6 Kg3 57. Kb5 Kf4 58. Kb4 Ke3 59. Kxa3
Kd3 60. Kb4 Kc2 61. a4 Kd3 62. a5 Kd4 63. a6 Kd5 64. a7 {BourgineQuenti a abandonné} 1-0

[Event "Tournament 14471 - Europe Echecs"]
[Site "Europe Echecs"]
[Date "2020.07.09"]
[Round "9"]
[Time "18:23:23"]
[PlyCount "145"]
[White "GandrilleLubin"]
[Black "CaillensValent"]
[WhiteElo "1024"]
[BlackElo "999"]
[Mode "WEB"]
[Result "1/2-1/2"]

1. e4 e5 2. Nf3 Nc6 3. d4 exd4 4. Nxd4 Bc5 5. Nxc6 bxc6 6. Nc3 Nf6 7. Bc4 Bb4 8.
Bd2 Bxc3 9. Bxc3 Nxe4 10. O-O Nxc3 11. bxc3 d5 12. Re1+ Be6 13. Be2 O-O 14. Bg4
Qf6 15. Bxe6 fxe6 16. Rf1 Qxc3 17. Rb1 Rab8 18. Rxb8 Rxb8 19. Re1 Rf8 20. Rxe6
Qc5 21. Re2 Qc4 22. Re7 Qc5 23. Re2 Qc4 24. h3 Qxa2 25. Re7 Qc4 26. Rxc7 Qc5 27.
Qe2 Qd6 28. Rxa7 Rb8 29. g3 Rb1+ 30. Kg2 c5 31. Ra8+ Rb8 32. Rxb8+ Qxb8 33. Qe6+
Kf8 34. Qxd5 Qb5 35. Qf5+ Kg8 36. Qe6+ Kf8 37. Qd6+ Kf7 38. Qc7+ Kf8 39. Qf4+
Ke7 40. Qe5+ Kf7 41. Qh5+ Kg8 42. Qd5+ Kf8 43. Qf5+ Kg8 44. Qc8+ Kf7 45. Qc7+
Kf8 46. Qd6+ Kf7 47. Qf4+ Kg8 48. h4 Qb7+ 49. Kh2 Qb4 50. Qd6 Kf7 51. Qd7+ Kg6
52. Qe8+ Kf6 53. Qd8+ Kf7 54. Qd7+ Kg6 55. Qd5 Kf6 56. Qg5+ Kf7 57. Qh5+ Kf6 58.
Qxh7 Kf7 59. Qf5+ Kg8 60. Qe6+ Kh7 61. Qe5 c4 62. c3 Qb2 63. Qe4+ g6 64. Qxc4
Qxf2+ 65. Kh3 Qf5+ 66. Kg2 Qc2+ 67. Kf3 Qd1+ 68. Kf4 Qd6+ 69. Kg4 Qd7+ 70. Kf3
Qd1+ 71. Ke3 Qe1+ 72. Kf3 Qd1+ {Nulle par répétition} 1/2-1/2

[Event "Tournament 14471 - Europe Echecs"]
[Site "Europe Echecs"]
[Date "2020.07.09"]
[Round "9"]
[Time "18:23:23"]
[PlyCount "30"]
[White "AlexGeerjananN"]
[Black "CogneauMaude"]
[WhiteElo "1370"]
[BlackElo "1180"]
[Mode "WEB"]
[Result "1-0"]

1. e4 e5 2. Nf3 Nc6 3. Bc4 Bc5 4. Nc3 Nf6 5. d3 Ng4 6. O-O Nd4 7. Be3 Nxf3+ 8.
Qxf3 Qh4 9. h3 Bxe3 10. hxg4 Bd4 11. Qxf7+ Kd8 12. Qxg7 Re8 13. Bf7 Re7 14. Qg8+
Re8 15. Qxe8# {CogneauMaude est échec et mat} 1-0

[Event "Tournament 14471 - Europe Echecs"]
[Site "Europe Echecs"]
[Date "2020.07.09"]
[Round "9"]
[Time "18:23:23"]
[PlyCount "94"]
[White "GiraudDimitri"]
[Black "RaymondTimothe"]
[WhiteElo "1087"]
[BlackElo "999"]
[Mode "WEB"]
[Result "1-0"]

1. e4 e5 2. Nf3 Nc6 3. Bc4 Nf6 4. d3 d6 5. Nc3 Bg4 6. Bg5 h6 7. Bxf6 gxf6 8. Nd5
Nd4 9. h3 Be6 10. c3 Nxf3+ 11. Qxf3 c6 12. Nxf6+ Ke7 13. Nh5 Bxc4 14. Qf6+ Ke8
15. Qxh8 Ke7 16. dxc4 d5 17. Qf6+ Ke8 18. Qxd8+ Rxd8 19. O-O d4 20. Rad1 c5 21.
cxd4 cxd4 22. f4 Bd6 23. fxe5 Bxe5 24. Rd2 Rc8 25. b3 b6 26. Nf4 Rc5 27. Nd3 Ra5
28. Nxe5 Rxe5 29. Rxd4 a5 30. a3 Rc5 31. b4 axb4 32. axb4 Re5 33. Rc1 f5 34.
exf5 Rxf5 35. c5 bxc5 36. Rxc5 Rf6 37. b5 Kf7 38. Rb4 Re6 39. b6 Re1+ 40. Kh2
Re7 41. b7 Ke8 42. b8=Q+ Kf7 43. Rb6 Rd7 44. Rc7 Re7 45. Rxe7+ Kxe7 46. Qc7+ Ke8
47. Rb8# {RaymondTimothe est échec et mat} 1-0

[Event "Tournament 14471 - Europe Echecs"]
[Site "Europe Echecs"]
[Date "2020.07.09"]
[Round "9"]
[Time "18:23:23"]
[PlyCount "33"]
[White "KulikovaBernie"]
[Black "BourginePaul"]
[WhiteElo "800"]
[BlackElo "999"]
[Mode "WEB"]
[Result "0-1"]

1. e4 e5 2. Nf3 Nc6 3. Nc3 Nf6 4. Bc4 Bc5 5. d3 O-O 6. O-O d6 7. Bg5 Bg4 8. h3
Be6 9. Rc1 Nd4 10. a3 h6 11. Be3 Nd5 12. Bd2 Nf4 13. b4 Bxh3 14. gxh3 Qd7 15.
bxc5 Qxh3 16. Re1 Qg2# {KulikovaBernie est échec et mat} 0-1